000 00814nas a2200253 4500
001 BR0803571
003 BR-BrBNA
005 20231205112304.0
007 ta
008 230509b bl.|||p| |||| 00| 00por d
040 _aBR-BrBNA
_bpor
_cBiblioteca Nacional de Agricultura
041 _a(Pt)
072 _aH60
100 1 _aVismara, L.S.
100 1 _aKaram, D.
100 1 _aMorita, L.H.M.
245 1 _aAplicação das inferências clássica e bayesiana na estimação dos parâmetros do modelo de densidade populacional de plantas daninhas
650 _aERVA DANINHA
650 _aSEMENTE
650 _aDINÂMICA POPULACIONAL
773 0 _tPlanta Daninha (Brazil)
_xISSN 0100-8358
_g(Oct-Dec 2007), v. 25(4) p. 661-669
_wBR0803571
909 _a202311
_bLúcia
_c55
_dLúcia Elande
942 _2AGRIS
_n0
_cANA
999 _c197215
_d197215